TOTALLY ALIGNED ORGANISATION ALIGNING TH (Record no. 16532)

MARC details
000 -LEADER
fixed length control field 00388nam a2200133Ia 4500
008 - FIXED-LENGTH DATA ELEMENTS--GENERAL INFORMATION
fixed length control field 240624s9999 xx 000 0 und d
041 ## - LANGUAGE CODE
Language code of text/sound track or separate title eng
082 ## - DEWEY DECIMAL CLASSIFICATION NUMBER
Classification number 302.35 ANA
100 ## - MAIN ENTRY--PERSONAL NAME
Personal name ANANTHANARAYANAN RAGHU
245 ## - TITLE STATEMENT
Title TOTALLY ALIGNED ORGANISATION ALIGNING TH
260 ## - PUBLICATION, DISTRIBUTION, ETC.
Date of publication, distribution, etc. 2008
Place of publication, distribution, etc. Hyderabad
Name of publisher, distributor, etc. Productivity and Quality Publishing Pvt.Ltd.
300 ## - PHYSICAL DESCRIPTION
Extent 201 : p. : cm. ; 24
365 ## - TRADE PRICE
Currency code RS
Price amount 20
Holdings
Withdrawn status Lost status Damaged status Not for loan Home library Current library Shelving location Date acquired Source of acquisition Cost, normal purchase price Full call number Barcode Date last seen Copy number Price effective from Koha item type
        IMTN IMTN Rack 6-A 01/18/2011 WBD 600.00 302.35 ANA 16532 06/24/2024 1 06/24/2024 Books
Designed & Maintained by: LRC IMT Nagpur Contact: lrc@imtnag.ac.in© 2024. All Rights Reserved.